[Event "Bayern-ch U14"]
[Site "Mimberg"]
[Date "2002.04.05"]
[Round "7"]
[White "Steurer, Martin"]
[Black "Schmidtke, Bernd"]
[Result "0-1"]
[WhiteElo "1402"]
[BlackElo "1515"]
[PlyCount "84"]
[EventDate "2002.04.??"]
[EventType "swiss"]
[EventRounds "7"]
[EventCountry "GER"]
[SourceTitle "EXT 2004"]
[Source "ChessBase"]
[SourceDate "2003.11.25"]
[SourceVersion "1"]
[SourceVersionDate "2003.11.25"]
[SourceQuality "1"]

1. c4 Nf6 2. Nc3 g6 3. d4 Bg7 4. e4 d6 5. f3 0-0 6. Be3 e5 7. d5 Ne8 8. Qd2 f5 9. 0-0-0 f4 10. Bf2 g5 11. g4 fxg3 12. hxg3 h6 13. Be3 Qf6 14. Qh2 Nd7 15. Be2 Qg6 16. Rf1 Nef6 17. Bd3 b6 18. b4 a6 19. f4 Ng4 20. Qe2 Nxe3 21. f5 Nxf1 22. fxg6 Nxg3 23. Qg2 Nxh1 24. Qxh1 Nf6 25. Nge2 Ng4 26. Nd1 Bd7 27. Bc2 Nf2 28. Nxf2 Rxf2 29. Ng3 Raf8 30. Nf5 Bxf5 31. exf5 Rf4 32. Bd3 Re8 33. Be2 Rxf5 34. Bg4 Rf4 35. Be6+ Kh8 36. Bf7 Rf8 37. Qh3 Rxc4+ 38. Kd2 g4 39. Qh4 Rxb4 40. Qe7 Rc4 41. Kd3 b5 42. Qe6 g3 0-1

[Event "Bayern-ch U14"]
[Site "Mimberg"]
[Date "2002.04.04"]
[Round "6"]
[White "Steurer, Martin"]
[Black "Kaeck, Ralf"]
[Result "0-1"]
[WhiteElo "1402"]
[BlackElo "1515"]
[PlyCount "94"]
[EventDate "2002.04.??"]
[EventType "swiss"]
[EventRounds "7"]
[EventCountry "GER"]
[SourceTitle "EXT 2004"]
[Source "ChessBase"]
[SourceDate "2003.11.25"]
[SourceVersion "1"]
[SourceVersionDate "2003.11.25"]
[SourceQuality "1"]

1. d4 Nf6 2. c4 g6 3. Nc3 Bg7 4. e4 d6 5. f3 0-0 6. Be3 a5 7. Nge2 Na6 8. Qd2 e5 9. d5 Nd7 10. g4 Ndc5 11. Nc1 f5 12. gxf5 gxf5 13. Qg2 Kh8 14. Rg1 Bf6 15. Bg5 Bxg5 16. Qxg5 Qxg5 17. Rxg5 Rg8 18. h4 Rxg5 19. hxg5 fxe4 20. Nxe4 Nxe4 21. fxe4 Nc5 22. Bg2 Kg7 23. Kd2 Kg6 24. Ne2 Bd7 25. Rf1 Kxg5 26. Nc1 Re8 27. Nd3 Nxd3 28. Kxd3 Re7 29. Rf8 Kg6 30. Ra8 b6 31. Ra7 Bg4 32. Ra8 h5 33. Rf8 Rf7 34. Rxf7 Kxf7 35. Ke3 Kg6 36. Kf2 Kg5 37. Ke3 h4 38. Bh1 h3 39. b3 Bh5 40. a3 Bg4 41. b4 axb4 42. axb4 Bh5 43. c5 Bg4 44. Kd3 Kf4 45. Kc4 Be2+ 46. Kc3 Bf3 47. cxb6 cxb6 0-1